[Event "ECU Clasif2 U20"]
[Site "Chess.com INT"]
[Date "2020.12.18"]
[Round "6"]
[White "Hernandez Diaz, Paula Sofia"]
[Black "Gruezo Garcia, Laia Ainara"]
[Result "1-0"]
[WhiteElo "1329"]
[BlackElo "1087"]
[PlyCount "39"]
[EventDate "2020.12.18"]
[EventType "swiss"]
[EventRounds "9"]
[EventCountry "ECU"]
[SourceTitle "EXT 2022"]
[Source "ChessBase"]
[SourceDate "2021.10.06"]
[SourceVersion "1"]
[SourceVersionDate "2021.10.06"]
[SourceQuality "1"]

1. c4 e6 2. Nf3 b6 3. d4 Bb7 4. g3 Bb4+ 5. Bd2 Bxd2+ 6. Nbxd2 f5 7. Bg2 Nf6 8. 0-0 0-0 9. Qc2 Nc6 10. Rad1 Qe7 11. Rfe1 Nb4 12. Qb1 Ne4 13. a3 Nxd2 14. Rxd2 Be4 15. Qc1 Nc6 16. d5 Nd8 17. Red1 Rb8 18. Ne1 exd5 19. f3 dxc4 20. fxe4 1-0

[Event "ECU Clasif1 U20"]
[Site "Chess.com INT"]
[Date "2020.12.17"]
[Round "1"]
[White "Gruezo Garcia, Laia Ainara"]
[Black "Vasquez Vargas, Henry Richard"]
[Result "0-1"]
[WhiteElo "1087"]
[BlackElo "2021"]
[PlyCount "58"]
[EventDate "2020.12.17"]
[EventType "swiss"]
[EventRounds "9"]
[EventCountry "ECU"]
[SourceTitle "EXT 2022"]
[Source "ChessBase"]
[SourceDate "2021.10.06"]
[SourceVersion "1"]
[SourceVersionDate "2021.10.06"]
[SourceQuality "1"]

1. c4 Nf6 2. Nc3 d5 3. g3 dxc4 4. Qa4+ Nfd7 5. Qxc4 Nb6 6. Qb3 Nc6 7. Bg2 Nd4 8. Qd1 Bf5 9. d3 c6 10. Be3 g6 11. Qd2 Bg7 12. Nf3 0-0 13. Nxd4 Bxd4 14. Bh6 Bg7 15. 0-0 Qd7 16. Rac1 Rfd8 17. Bxg7 Kxg7 18. Qe3 Re8 19. Rfd1 Rad8 20. Qf4 e5 21. Qb4 Qe7 22. Qxe7 Rxe7 23. Rd2 Red7 24. Rcd1 a5 25. Be4 Be6 26. a3 f5 27. Bg2 Bb3 28. Rc1 a4 29. Kf1 e4 0-1